| 000 | 00461 a2200169 4500 | ||
|---|---|---|---|
| 001 | 066981 | ||
| 003 | OSt | ||
| 005 | 20211025112507.0 | ||
| 008 | |||
| 082 |
_a821.912 _bH39H |
||
| 245 | 1 |
_aBlooms' biocritiques: Henry David Thoreu _cedited by Harold Bloom |
|
| 260 |
_aPhiladelphia _bChelsea House _c2003 |
||
| 300 | _a154p. | ||
| 690 | _aThoreau, Henry David, 1817-1862 | ||
| 700 |
_aBloom, Harold _eEditer |
||
| 942 |
_2ddc _cBK |
||
| 999 |
_c971 _d971 |
||